000 00971nam a2200301 i 4500
003 EG-GICUC
005 20260509132212.0
008 260509s1955 sz ||||f |||| 00| 0 fre d
040 _bfre
_cEG-GICUC
_erda
_a EG-GICUC
_d EG-GICUC
041 0 _afre
082 _221
_a343.5
_bGR. D
092 0 4 _221
099 _aLaw1 10 343.5 GR. D 1955
100 1 _a Graven, Jean
_eAuteur
245 1 4 _aDroit Pénal Et Défense Sociale:
_bI. Orientation générale /
_cJean Graven.
264 1 _aSuisse:
_bالمجلة الجنائية السويسرية,
_c1955.
300 _a53 صفحة ؛
_c24 سم .
336 _2rda content
_atext
337 _2rda media
_aComputer
338 _2rda carrier
_aOnline Resource
546 _aTexte en français
650 1 _aDroit international public
_2qrmak
650 1 _aDroit Pénal
_2qrmak
651 1 _2qrmak
856 4 0 _uhttps://fll.law.cu.edu.eg/fulltext/bksB10-10100.pdf
905 _a75
_eYara
942 _2ddc
_cBK
_e21
_n0
999 _c76372
_d76372